=LDR 00000nam 2200000 4500 =001 INLIS000000000037545 =005 20130612143256 =008 ***********************************Ind** =035 ##$$a0010-061300000037545 =041 ##$$a Ind =082 ##$$a 612.110 72 =090 ##$$a 612.110 72, Ich e =100 ##$$a Ichikawa, Chieko =245 ##$$a 4 tipe untuk talenta besar, Sebuah hasil riset golongan darah di Indonesia, Chieko Ichhikawa; Holy Setyowati sie Boa =260 ##$$a 2010 $b Jakarta =300 ##$$a xxvi,157 hlm, Ilus, 22 cm =700 ##$$a Setyowati, Holy =850 ##$$a NBPNMAT =990 ##$$a 21400588/BPAP-NTB/2014 =990 ##$$a 21400613/BPAP-NTB/20142014